Növények elnevezései és a hozzáfűződő szólások Alföldünk népe száján folytatás /

Elmentve itt :
Bibliográfiai részletek
Szerző: Győrffy István
Dokumentumtípus: Cikk
Megjelent: 1943
Sorozat:Nép és Nyelv 3
Kulcsszavak:Nyelvtudomány, Néprajztudomány
Online Access:http://acta.bibl.u-szeged.hu/29637
LEADER 00623nab a2200169 i 4500
001 acta29637
005 20210712082220.0
008 161017s1943 hu o 0|| hun d
040 |a SZTE Egyetemi Kiadványok Repozitórium  |b hun 
041 |a hun 
100 1 |a Győrffy István 
245 1 0 |a Növények elnevezései és a hozzáfűződő szólások Alföldünk népe száján   |h [elektronikus dokumentum] :  |b folytatás /  |c  Győrffy István 
260 |c 1943 
300 |a 120 
490 0 |a Nép és Nyelv  |v 3 
695 |a Nyelvtudomány, Néprajztudomány 
856 4 0 |u http://acta.bibl.u-szeged.hu/29637/1/nep_003_120.pdf  |z Dokumentum-elérés